000 00587nam a2200205Ia 4500
005 20250508162239.0
008 008 250505s9999 xx 000 0 eng d
020 _a0-07-010112-4
037 _aTextual
040 _aFEDL
_beng
_cFEDL
041 _aeng
_2eng
084 _a378, LAD
_qFEDL
100 _aLadd Everett Carll
245 0 _aDivided academy : Professors and politics
260 _aNew York, USA
_bMcGraw-Hill Book Company
_c1975
300 _axv,407p
700 _a Lipset Seymour Martin
_9772642
942 _cTEXL
_h378, LAD
999 _c1375354
_d1375354